000 00287nam a22001337a 4500
008 170619b xxu||||| |||| 00| 0 eng d
020 _a9780073514970
041 _aeng
080 _214TH
_a323
100 _a20
101 _aSHP
245 _aTAKING SIDES
_cNOLL,J.W
942 _2udc
_cBK
999 _c18001
_d18001